000 00381nam a2200145 i 4500
001 bg
100 1 _aBROSTOW, Witold
245 0 _aEinstieg in die moderne Werkstoffwissenschaft /
_cW. Brostow.
260 _aLeipzig :
_bVEB Deutscher-Verlag,
_c1984.
040 _cBPK
041 _apol
080 _a532+533+669;620.2
942 _cKS
008 s pl f |000 0 pol
999 _c28262
_d28262
856 _uhttp://koha.tu.koszalin.pl/cgi-bin/koha/opac-detail.pl?biblionumber=28262
_yKatalog online BPK